[Event "Rated Blitz game"]
[Site "?"]
[Date "2021.11.08"]
[Round "?"]
[White "readycash"]
[Black "Jomajo"]
[Result "0-1"]
[WhiteElo "2561"]
[BlackElo "2759"]
[PlyCount "110"]
[EventDate "2021.??.??"]
[EventType "blitz"]

1. e4 e5 2. Nf3 d5 3. exd5 e4 4. Ne5 Qxd5 5. d4 exd3 6. Nxd3 Nc6 7. Nc3 Qa5 8.
Be2 Nf6 9. O-O Bd6 10. a3 O-O 11. b4 Qf5 12. Be3 Rd8 13. Qc1 h6 14. h3 Be6 15.
Bf3 Nd5 16. Nxd5 Bxd5 17. Bxd5 Qxd5 18. Rd1 Qc4 19. Qb2 Ne7 20. Qb3 Qxb3 21.
cxb3 b6 22. Bf4 Ng6 23. Bg3 a5 24. bxa5 Rxa5 25. a4 Rd5 26. Bxd6 R8xd6 27. Nb2
Rd2 28. Rxd2 Rxd2 29. Nc4 Rd3 30. Rb1 Nf4 31. Kf1 h5 32. h4 Ne6 33. Ke2 Rxb3
34. Rxb3 Nd4+ 35. Kd3 Nxb3 36. Ke4 Nc5+ 37. Kd5 Nxa4 38. Kc6 Nc3 39. Kxc7 b5
40. Na5 f6 41. Kc6 Kf7 42. Kc5 Ke6 43. Kb4 Nd1 44. f3 Ne3 45. g3 Nf5 46. g4
hxg4 47. fxg4 Nxh4 48. Kxb5 Ke5 49. Kc6 Kf4 50. Kd7 Kxg4 51. Ke6 f5 52. Nc4 f4
53. Kf7 g5 54. Kf6 Nf3 55. Kg6 Kg3 {Time forfeit} 0-1

[Event "Rated Blitz game"]
[Site "?"]
[Date "2021.11.08"]
[Round "?"]
[White "Dandel2i3Fernandez"]
[Black "DOOGE228"]
[Result "0-1"]
[WhiteElo "2479"]
[BlackElo "2386"]
[PlyCount "74"]
[EventDate "2021.??.??"]
[EventType "blitz"]

1. e4 e5 2. Nf3 d5 3. exd5 e4 4. Qe2 Nf6 5. Nc3 Be7 6. Nxe4 O-O 7. Nxf6+ Bxf6
8. d3 Re8 9. Be3 Bxb2 10. Rb1 Bc3+ 11. Nd2 Qxd5 12. Rb3 Qa5 13. Kd1 Nc6 14. Nc4
Qxa2 15. Rxc3 Nd4 16. Bxd4 Rxe2 17. Bxe2 Qb1+ 18. Kd2 Qxh1 19. Be5 Qxg2 20. d4
Qxf2 21. Rf3 Qh4 22. Bg3 Qh6+ 23. Bf4 Qh4 24. Bg3 Qxd4+ 25. Rd3 Qf6 26. Be5
Qh6+ 27. Kc3 Bf5 28. Rg3 f6 29. Bxc7 Rc8 30. Ba5 b5 31. Rf3 Be6 32. Re3 Qxe3+
33. Bd3 bxc4 34. Kb4 cxd3 35. cxd3 Qxd3 36. h4 Qc4+ 37. Ka3 Qb3# {Normal} 0-1

[Event "Rated Blitz game"]
[Site "?"]
[Date "2021.11.08"]
[Round "?"]
[White "AleksandrsJazdanovs"]
[Black "ibrahim_karpove2700"]
[Result "1-0"]
[WhiteElo "2404"]
[BlackElo "2265"]
[PlyCount "85"]
[EventDate "2021.??.??"]
[EventType "blitz"]

1. e4 e5 2. Nf3 d5 3. exd5 e4 4. Qe2 f5 5. d3 Nf6 6. Nc3 Bb4 7. Bg5 Bxc3+ 8.
bxc3 O-O 9. Nd4 Qxd5 10. Bxf6 Rxf6 11. dxe4 Qxe4 12. Qxe4 fxe4 13. Bc4+ Kh8 14.
O-O c5 15. Nb3 Rf5 16. Rad1 Nc6 17. Na5 Bd7 18. Nxb7 Be8 19. Nd6 Re5 20. Bf7
Bd7 21. Nc4 Re7 22. Bd5 Rf8 23. Rde1 Rfe8 24. Nd6 Re5 25. Nxe8 Rxd5 26. Rxe4 h6
27. Nc7 Rd2 28. Rc1 Bf5 29. Rc4 Bxc2 30. Rxc5 Ne7 31. h3 Ng6 32. Ne6 Re2 33.
Nd4 Nf4 34. Rxc2 Re1+ 35. Kh2 Nd3 36. Rc8+ Kh7 37. Nf3 Rf1 38. c4 Nxf2 39. c5
h5 40. c6 g5 41. Nxg5+ Kg6 42. Nf3 h4 43. Nxh4+ {Normal} 1-0

[Event "Rated Blitz game"]
[Site "?"]
[Date "2021.11.08"]
[Round "?"]
[White "totaler_hirntot"]
[Black "oJHoNN76"]
[Result "1-0"]
[WhiteElo "2448"]
[BlackElo "2450"]
[PlyCount "99"]
[EventDate "2021.??.??"]
[EventType "blitz"]

1. e4 e5 2. Nf3 d5 3. Nxe5 dxe4 4. Bc4 Qg5 5. Nxf7 Qxg2 6. Rf1 Bg4 7. Be2 Bxe2
8. Qxe2 Kxf7 9. Qc4+ Ke8 10. Qxc7 Nd7 11. Qxb7 Rb8 12. Qxa7 Bc5 13. Qc7 Ngf6
14. Nc3 Kf7 15. Na4 Rhc8 16. Qg3 Qf3 17. Qxf3 exf3 18. Nxc5 Rxc5 19. d3 Rxc2
20. Kd1 Re2 21. b3 Ne5 22. Bf4 Rd8 23. Bxe5 Rxd3+ 24. Kc1 Rxe5 25. Kb2 Re2+ 26.
Ka3 Rdd2 27. Rfb1 Rxf2 28. b4 Nd7 29. b5 Nb6 30. Kb4 Rxh2 31. Kc5 Nd7+ 32. Kc6
f2 33. a4 Rh6+ 34. Kc7 Ke8 35. Rc1 Re6 36. a5 Rd5 37. b6 Nxb6 38. axb6 Rb5 39.
Ra8+ Kf7 40. Kb7 Rexb6+ 41. Kc7 Rb1 42. Rxb1 Rxb1 43. Kc8 f1=Q 44. Ra7+ Kg6 45.
Rc7 Kh6 46. Rc6+ g6 47. Kc7 Qd3 48. Rc5 Rd1 49. Kc8 Qd8+ 50. Kb7 {Time forfeit}
1-0

[Event "Rated Blitz game"]
[Site "?"]
[Date "2021.11.08"]
[Round "?"]
[White "ange_de_la_mort"]
[Black "Annali-annaliew1979"]
[Result "1-0"]
[WhiteElo "2511"]
[BlackElo "2494"]
[PlyCount "65"]
[EventDate "2021.??.??"]
[EventType "blitz"]

1. e4 e5 2. Nf3 d5 3. Nxe5 Qe7 4. d4 f6 5. Nf3 dxe4 6. Nfd2 f5 7. Nc4 Nf6 8.
Ne5 Nbd7 9. Nxd7 Bxd7 10. Be2 Bc6 11. c3 Qf7 12. O-O Bd6 13. f3 O-O 14. Bg5 Qg6
15. Bxf6 Rxf6 16. fxe4 fxe4 17. Rxf6 Qxf6 18. Nd2 Qh4 19. Nf1 Rf8 20. g3 Qh3
21. Qe1 e3 22. Nxe3 Re8 23. Bc4+ Kh8 24. d5 Bd7 25. Qf2 Bc5 26. Re1 a5 27. Qf4
h6 28. Bf1 Qh5 29. Bg2 a4 30. Kh1 b5 31. h4 Qg6 32. Qxc7 Qxg3 33. Qxg3 {Normal}
1-0

[Event "Rated Blitz game"]
[Site "?"]
[Date "2021.11.08"]
[Round "?"]
[White "off_war"]
[Black "Annali-annaliew1979"]
[Result "0-1"]
[WhiteElo "2425"]
[BlackElo "2494"]
[PlyCount "76"]
[EventDate "2021.??.??"]
[EventType "blitz"]

1. e4 e5 2. Nf3 d5 3. exd5 e4 4. Qe2 f5 5. d3 Nf6 6. dxe4 fxe4 7. Nc3 Be7 8.
Ng5 O-O 9. Be3 Bb4 10. Qc4 Bd6 11. O-O-O a6 12. Ne6 Bxe6 13. dxe6 Qe7 14. Nxe4
Nxe4 15. Qxe4 Nc6 16. f4 g6 17. g4 Qh4 18. Bc4 Kg7 19. Rhg1 Rae8 20. Qf3 h6 21.
f5 Kh7 22. fxg6+ Kg7 23. Qe4 Qf6 24. Rgf1 Qxg6 25. Rf7+ Rxf7 26. Qxg6+ Kxg6 27.
exf7 Rxe3 28. Rxd6+ Kg7 29. Rf6 Kf8 30. h4 Ne5 31. Bd3 Nxg4 32. Rf4 h5 33. Kd2
Rh3 34. Bg6 Rxh4 35. Re4 Rh2+ 36. Kc3 Ne5 37. Rxe5 Rh3+ 38. Kd4 Rh4+ {Time
forfeit} 0-1

[Event "Rated Blitz game"]
[Site "?"]
[Date "2021.11.08"]
[Round "?"]
[White "oj_ossa"]
[Black "mirekkk14"]
[Result "0-1"]
[WhiteElo "2495"]
[BlackElo "2393"]
[PlyCount "72"]
[EventDate "2021.??.??"]
[EventType "blitz"]

1. e4 e5 2. Nf3 d5 3. d3 dxe4 4. dxe4 Qxd1+ 5. Kxd1 Bg4 6. Be2 Nc6 7. c3 O-O-O+
8. Kc2 f6 9. Be3 Nh6 10. Nbd2 Nf7 11. Rad1 a6 12. h3 Be6 13. Bc4 Bxc4 14. Nxc4
Be7 15. b4 b5 16. Ncd2 Kb7 17. Nb3 g6 18. Bc5 Bd6 19. Bxd6 cxd6 20. Rd2 Kb6 21.
Rhd1 a5 22. bxa5+ Nxa5 23. Nxa5 Kxa5 24. Rd5 Rc8 25. Rb1 Rc5 26. Kd3 Rhc8 27.
c4 bxc4+ 28. Kc3 Rxd5 29. exd5 Rc5 30. Nd2 Rxd5 31. Rb7 Ng5 32. Nxc4+ Ka6 33.
Rb6+ Ka7 34. Rxd6 Ne4+ 35. Kb4 Rxd6 36. Kb5 Rd5+ {Normal} 0-1

[Event "Rated Blitz game"]
[Site "?"]
[Date "2021.11.08"]
[Round "?"]
[White "blaffendehonden"]
[Black "Benny_Watts_2005"]
[Result "1-0"]
[WhiteElo "2499"]
[BlackElo "2375"]
[PlyCount "32"]
[EventDate "2021.??.??"]
[EventType "blitz"]

1. e4 e5 2. Nf3 d5 3. Nc3 d4 4. Ne2 Bd6 5. Ng3 c5 6. Bc4 Nc6 7. O-O Nf6 8. d3
O-O 9. Nh4 Nxe4 10. Nxe4 Qxh4 11. Nxd6 a6 12. f4 b5 13. Bd5 Bd7 14. fxe5 Rad8
15. Nxf7 Bg4 16. Nxd8+ Kh8 {Normal} 1-0

[Event "Rated Blitz game"]
[Site "?"]
[Date "2021.11.08"]
[Round "?"]
[White "pansachista"]
[Black "mirekkk14"]
[Result "1-0"]
[WhiteElo "2403"]
[BlackElo "2403"]
[PlyCount "65"]
[EventDate "2021.??.??"]
[EventType "blitz"]

1. e4 e5 2. Nf3 d5 3. exd5 e4 4. Qe2 Nf6 5. Nc3 Be7 6. Nxe4 O-O 7. Nxf6+ Bxf6
8. d4 Qxd5 9. Be3 Nd7 10. Qc4 Qa5+ 11. b4 Qh5 12. Be2 c6 13. O-O Nb6 14. Qb3
Be6 15. c4 Rfd8 16. a4 Nc8 17. b5 Ne7 18. Qc2 Rac8 19. Rfd1 Bf5 20. Qb3 Be6 21.
Qb4 Qg6 22. Rac1 b6 23. c5 Nd5 24. Qa3 Nxe3 25. Qxe3 Bd5 26. bxc6 Rxc6 27. Bb5
Re6 28. Qf4 h6 29. cxb6 axb6 30. h3 Re4 31. Qc7 Rxd4 32. Rxd4 Bxd4 33. Qxd8+ {
Normal} 1-0

[Event "Rated Blitz game"]
[Site "?"]
[Date "2021.11.08"]
[Round "?"]
[White "gopox"]
[Black "Annali-annaliew1979"]
[Result "0-1"]
[WhiteElo "2299"]
[BlackElo "2438"]
[PlyCount "56"]
[EventDate "2021.??.??"]
[EventType "blitz"]

1. e4 e5 2. Nf3 d5 3. exd5 e4 4. Qe2 f5 5. d3 Nf6 6. Nc3 Bb4 7. Bd2 Bxc3 8.
Bxc3 O-O 9. dxe4 Nxe4 10. O-O-O Nxc3 11. bxc3 Qf6 12. Qc4 Kh8 13. Qxc7 Na6 14.
Qc4 Bd7 15. Qd4 Qd6 16. Bc4 Rac8 17. Bb3 Qa3+ 18. Kb1 Nc5 19. Ne5 b6 20. Rhe1
Na4 21. c4 Be8 22. d6 Rd8 23. d7 Bxd7 24. Nxd7 Rxd7 25. Bxa4 Rxd4 26. Rxd4 Qxa4
27. Re7 Qb4+ 28. Kc1 Qxe7 {Normal} 0-1

[Event "Rated Blitz game"]
[Site "?"]
[Date "2021.11.08"]
[Round "?"]
[White "bwalmer"]
[Black "DOOGE228"]
[Result "0-1"]
[WhiteElo "2444"]
[BlackElo "2418"]
[PlyCount "38"]
[EventDate "2021.??.??"]
[EventType "blitz"]

1. e4 e5 2. Nf3 d5 3. exd5 e4 4. Qe2 Nf6 5. Nc3 Be7 6. Nxe4 O-O 7. d3 Re8 8.
Bd2 Nxd5 9. O-O-O f5 10. Nc3 Nxc3 11. Bxc3 Bg5+ 12. Nxg5 Rxe2 13. Bxe2 Qxg5+
14. Bd2 Qf6 15. d4 Be6 16. Bf3 c6 17. Bf4 Bd5 18. Rhe1 Nd7 19. Bh5 Qh4 {Normal}
0-1

[Event "Rated Blitz game"]
[Site "?"]
[Date "2021.11.08"]
[Round "?"]
[White "AdityaSalehAyub"]
[Black "Sdjordje12345_s"]
[Result "0-1"]
[WhiteElo "2318"]
[BlackElo "2412"]
[PlyCount "48"]
[EventDate "2021.??.??"]
[EventType "blitz"]

1. e4 e5 2. Nf3 d5 3. exd5 e4 4. Ng1 Nf6 5. d3 Qxd5 6. Nc3 Bb4 7. Bd2 Bxc3 8.
Bxc3 O-O 9. Bxf6 gxf6 10. dxe4 Qxe4+ 11. Qe2 Qa4 12. Qd3 Nc6 13. a3 Re8+ 14.
Be2 Bg4 15. f3 Bh5 16. b3 Qa5+ 17. Qd2 Qe5 18. Rb1 Rad8 19. Qh6 Qc3+ 20. Kf2
Bg6 21. Nh3 Rxe2+ 22. Kxe2 Qxc2+ 23. Kf1 Qxb1+ 24. Kf2 Qxh1 {Normal} 0-1

[Event "Rated Blitz game"]
[Site "?"]
[Date "2021.11.08"]
[Round "?"]
[White "I_Blundered_Again"]
[Black "Bergerac1985"]
[Result "1-0"]
[WhiteElo "2405"]
[BlackElo "2279"]
[PlyCount "137"]
[EventDate "2021.??.??"]
[EventType "blitz"]

1. e4 e5 2. Nf3 d5 3. d4 dxe4 4. Nxe5 Bd6 5. Nc4 Nf6 6. Be2 O-O 7. O-O Nc6 8.
Nc3 Nxd4 9. h3 Nxe2+ 10. Qxe2 Be6 11. Rd1 Bxc4 12. Qxc4 a6 13. Bf4 Qe7 14. Bxd6
cxd6 15. Qb4 Rfd8 16. Re1 Re8 17. Rad1 Rad8 18. f3 e3 19. Rd3 d5 20. Qxe7 Rxe7
21. Rexe3 Rxe3 22. Rxe3 d4 23. Rd3 Rd7 24. Ne2 g5 25. Rxd4 Re7 26. Kf2 h5 27.
c4 Rc7 28. b4 Nd7 29. Nc3 Ne5 30. c5 Kg7 31. Ne4 Nc6 32. Rc4 f6 33. a4 Ne5 34.
Rc3 Rd7 35. b5 axb5 36. axb5 Nd3+ 37. Ke3 Nf4 38. Rc2 Nd5+ 39. Kf2 Nb4 40. Rd2
Rc7 41. Ke3 Re7 42. Rb2 Nd5+ 43. Kd4 Nf4 44. Nd6 Rd7 45. Kc4 b6 46. Nf5+ Kg6
47. Nd4 bxc5 48. Kxc5 Rc7+ 49. Nc6 Nd3+ 50. Kd6 Rxc6+ 51. bxc6 Nxb2 52. c7 Nc4+
53. Kc5 Ne5 54. c8=Q Nd3+ 55. Kd4 Nf4 56. g3 Ne2+ 57. Ke3 Nxg3 58. Qc2+ Nf5+
59. Ke4 Nh4 60. Kd5+ Kf7 61. Qc7+ Kg6 62. Ke6 Nxf3 63. Qf7+ Kh6 64. Qxf6+ Kh7
65. Qxf3 g4 66. hxg4 hxg4 67. Qxg4 Kh6 68. Kf6 Kh7 69. Qg7# {Normal} 1-0

[Event "Rated Blitz tournament H05xsTRE"]
[Site "?"]
[Date "2021.11.08"]
[Round "?"]
[White "Campeondepaz"]
[Black "monipatin"]
[Result "1/2-1/2"]
[WhiteElo "2384"]
[BlackElo "2433"]
[PlyCount "23"]
[EventDate "2021.??.??"]
[EventType "blitz"]

1. e4 e5 2. Nf3 d5 3. exd5 e4 4. Qe2 f5 5. d3 Nf6 6. dxe4 fxe4 7. Nbd2 Qxd5 8.
c4 Qf5 9. Nd4 Qe5 10. N4f3 Qf5 11. Nd4 Qe5 12. N4f3 {Normal} 1/2-1/2

[Event "Rated Blitz tournament Gm4gl2VQ"]
[Site "?"]
[Date "2021.11.08"]
[Round "?"]
[White "NIKITARVC1"]
[Black "VVV-31"]
[Result "1-0"]
[WhiteElo "2404"]
[BlackElo "2399"]
[PlyCount "127"]
[EventDate "2021.??.??"]
[EventType "blitz"]

1. e4 e5 2. Nf3 d5 3. d3 Bd6 4. exd5 Nf6 5. Nc3 h6 6. d4 e4 7. Nd2 Bf5 8. Bb5+
c6 9. dxc6 bxc6 10. Ba4 O-O 11. O-O c5 12. dxc5 Bxc5 13. Nb3 Bb6 14. Bf4 e3 15.
Qxd8 Rxd8 16. fxe3 Bxc2 17. Rac1 Bd3 18. Rfd1 Na6 19. Bc6 Rac8 20. Bb7 Rc4 21.
Bxa6 Rxf4 22. Bxd3 Bxe3+ 23. Kh1 Bxc1 24. Nxc1 Rfd4 25. Kg1 g6 26. Kf2 Ng4+ 27.
Ke2 Ne5 28. h3 Kg7 29. Nb5 R4d5 30. Nxa7 Ra5 31. Nb5 Nxd3 32. Rxd3 Rxd3 33.
Nxd3 Rxb5 34. a4 Rb7 35. b4 Kf6 36. b5 Ke7 37. Nc5 Rc7 38. Nb3 Rc3 39. Nd4 Ra3
40. a5 Ra4 41. a6 Rxd4 42. a7 Ra4 43. b6 Kd7 44. b7 Rxa7 45. b8=Q Rc7 46. Qb5+
Ke7 47. Qe5+ Kd7 48. Qf6 Kc8 49. Qh8+ Kb7 50. Qxh6 Re7+ 51. Kf3 Kc7 52. Qf4+
Kd7 53. Qd4+ Ke8 54. Qc5 Kf8 55. Qc8+ Kg7 56. Qc3+ f6 57. g4 g5 58. h4 gxh4 59.
g5 Re6 60. Kg4 Kg6 61. Qd3+ f5+ 62. Qxf5+ Kg7 63. Qxe6 h3 64. Qf6+ {Time
forfeit} 1-0

[Event "Rated Blitz game"]
[Site "?"]
[Date "2021.11.08"]
[Round "?"]
[White "atemberaubend"]
[Black "KamranShirazi"]
[Result "0-1"]
[WhiteElo "2494"]
[BlackElo "2544"]
[PlyCount "30"]
[EventDate "2021.??.??"]
[EventType "blitz"]

1. e4 e5 2. Nf3 d5 3. exd5 e4 4. Qe2 Nf6 5. Nc3 Be7 6. d3 exf3 7. Qxf3 Bg4 8.
Qg3 O-O 9. h3 Bh5 10. Be3 Nxd5 11. Nxd5 Qxd5 12. Qh2 Bd6 13. Qg1 Qb5 14. g4
Qxb2 15. Rd1 Bb4+ {Normal} 0-1

[Event "Rated Blitz game"]
[Site "?"]
[Date "2021.11.08"]
[Round "?"]
[White "mandarria"]
[Black "Annali-annaliew1979"]
[Result "0-1"]
[WhiteElo "2463"]
[BlackElo "2511"]
[PlyCount "106"]
[EventDate "2021.??.??"]
[EventType "blitz"]

1. e4 e5 2. Nf3 d5 3. exd5 e4 4. Qe2 f5 5. d3 Nf6 6. Nbd2 Be7 7. dxe4 fxe4 8.
Nxe4 Nxe4 9. Qxe4 O-O 10. Be3 Bd6 11. O-O-O Bf5 12. Qc4 Nd7 13. Bd3 Nb6 14. Qb3
Qd7 15. Nd4 Bxd3 16. Rxd3 a5 17. Ne6 a4 18. Qc3 Rf7 19. Bxb6 cxb6 20. f3 a3 21.
b3 Rc8 22. Qd2 b5 23. Re1 b4 24. Rde3 h6 25. Kb1 Qb5 26. Qd3 Qxd3 27. Rxd3 Bxh2
28. d6 Rd7 29. f4 Re8 30. g3 Kf7 31. f5 Kf6 32. Rh1 Kxf5 33. Nd4+ Kg6 34. c4
Rxd6 35. Rxh2 Re1+ 36. Kc2 Ra1 37. Kd2 Rxa2+ 38. Nc2 Rf6 39. Re2 Rxc2+ 40. Kxc2
Rf1 41. Rd1 Rf3 42. Re6+ Kf7 43. Rb6 Rc3+ 44. Kb1 Rxb3+ 45. Ka2 Rb2+ 46. Ka1 b3
47. Rxb7+ Kg6 48. c5 Ra2+ 49. Kb1 Rb2+ 50. Ka1 h5 51. c6 Ra2+ 52. Kb1 Rb2+ 53.
Ka1 Rc2 {Time forfeit} 0-1

[Event "Rated Blitz game"]
[Site "?"]
[Date "2021.11.08"]
[Round "?"]
[White "Ka1r0s"]
[Black "kahrimao"]
[Result "1-0"]
[WhiteElo "2439"]
[BlackElo "2262"]
[PlyCount "61"]
[EventDate "2021.??.??"]
[EventType "blitz"]

1. e4 e5 2. Nf3 d5 3. exd5 e4 4. Qe2 Nf6 5. Nc3 Be7 6. Nxe4 O-O 7. d3 Re8 8.
Be3 Nxd5 9. O-O-O f5 10. Ned2 Bf6 11. Ne4 Nxe3 12. Nxf6+ Qxf6 13. fxe3 Nc6 14.
c3 Be6 15. Kb1 Bf7 16. d4 Rad8 17. Qb5 Rxe3 18. Bc4 f4 19. Bxf7+ Kxf7 20. Qxb7
Rb8 21. Qxc7+ Kg8 22. Ne5 Re2 23. b3 Qf5+ 24. Nd3 Rc8 25. Qxf4 Qa5 26. Nc1 Nb4
27. Rhf1 h6 28. Qf7+ Kh8 29. Qf5 Qc7 30. Nxe2 Nxa2 31. Kxa2 {Time forfeit} 1-0

[Event "Rated Blitz game"]
[Site "?"]
[Date "2021.11.08"]
[Round "?"]
[White "sosforlove"]
[Black "yevkool1983"]
[Result "1-0"]
[WhiteElo "2479"]
[BlackElo "2335"]
[PlyCount "39"]
[EventDate "2021.??.??"]
[EventType "blitz"]

1. e4 e5 2. Nf3 d5 3. exd5 e4 4. Ng1 Qxd5 5. Nc3 Qe5 6. d3 exd3+ 7. Be3 dxc2 8.
Qxc2 Bf5 9. Qb3 Bc8 10. Nf3 Qe7 11. Nd5 Qd8 12. O-O-O Bd6 13. Bc4 Ne7 14. Nxe7
Qxe7 15. Bg5 f6 16. Rhe1 fxg5 17. Rxe7+ Bxe7 18. Bf7+ Kf8 19. Bh5 g6 20. Ne5 {
Normal} 1-0

[Event "Rated Blitz tournament 2VXmuUKG"]
[Site "?"]
[Date "2021.11.08"]
[Round "?"]
[White "artrt24"]
[Black "chesswhite1990"]
[Result "0-1"]
[WhiteElo "2421"]
[BlackElo "2267"]
[PlyCount "31"]
[EventDate "2021.??.??"]
[EventType "blitz"]

1. e4 e5 2. Nf3 d5 3. exd5 e4 4. Qe2 Nf6 5. d3 Bf5 6. dxe4 Bxe4 7. Nbd2 Qxd5 8.
Nxe4 Qxe4 9. Ng5 Qxe2+ 10. Bxe2 Nc6 11. O-O h6 12. Nh3 O-O-O 13. Bf3 Nd4 14.
Rd1 Nxf3+ 15. gxf3 Rxd1+ 16. Kg2 {Normal} 0-1

[Event "Rated Blitz game"]
[Site "?"]
[Date "2021.11.08"]
[Round "?"]
[White "Corocoronando"]
[Black "Jomajo"]
[Result "0-1"]
[WhiteElo "2591"]
[BlackElo "2775"]
[PlyCount "82"]
[EventDate "2021.??.??"]
[EventType "blitz"]

1. e4 e5 2. Nf3 d5 3. exd5 e4 4. Qe2 Qe7 5. Nd4 Nf6 6. Qb5+ Nbd7 7. Nc3 a6 8.
Qa4 Qe5 9. Be2 Bd6 10. g3 O-O 11. O-O Nc5 12. Qc4 b5 13. Ndxb5 axb5 14. Nxb5
Bh3 15. Re1 Rfe8 16. d4 exd3 17. Bf4 Qxd5 18. Qxd5 Nxd5 19. Bxd6 Rxe2 20. Rxe2
dxe2 21. Bxc5 Rxa2 22. Re1 Rxb2 23. Nd4 Nc3 24. Ba3 Ra2 25. Bb4 c5 26. Bxc3
cxd4 27. Rxe2 f6 28. Bxd4 Bf5 29. Kg2 Bxc2 30. f3 Kf7 31. h4 Ra4 32. Bc5 Rc4
33. Bd6 h5 34. Re7+ Kg6 35. Ra7 Bd1 36. Bf8 Rc2+ 37. Kf1 Bxf3 38. Rxg7+ Kf5 39.
Rh7 Kg4 40. Bd6 Be4 41. Ke1 Bxh7 {Normal} 0-1

[Event "Rated Blitz game"]
[Site "?"]
[Date "2021.11.08"]
[Round "?"]
[White "Ilikedota2"]
[Black "Tristan2020"]
[Result "0-1"]
[WhiteElo "2255"]
[BlackElo "2406"]
[PlyCount "100"]
[EventDate "2021.??.??"]
[EventType "blitz"]

1. e4 e5 2. Nf3 d5 3. d4 dxe4 4. Nxe5 Bd6 5. Ng4 Nf6 6. Nxf6+ Qxf6 7. Be3 c5 8.
dxc5 Be5 9. Bb5+ Bd7 10. Bxd7+ Nxd7 11. c3 Qh4 12. Qd5 Rd8 13. Nd2 f5 14. Qe6+
Qe7 15. Qxf5 Nxc5 16. Bxc5 Qxc5 17. Qe6+ Qe7 18. Qxe7+ Kxe7 19. Nxe4 Bf4 20.
O-O Rd3 21. Rfe1 Kf7 22. Rad1 Rhd8 23. Rxd3 Rxd3 24. f3 b5 25. Kf2 a5 26. g3
Bc7 27. Re2 a4 28. Rc2 Bb6+ 29. Kg2 h6 30. b3 a3 31. g4 Ke6 32. Kg3 Bc7+ 33.
Kg2 Kd5 34. c4+ bxc4 35. Rxc4 Be5 36. Rc5+ Ke6 37. Ra5 Bd4 38. Rxa3 Rd1 39.
Ra6+ Ke5 40. Kg3 Rg1+ 41. Kh3 Rf1 42. Kg2 Rg1+ 43. Kh3 Rf1 44. Ra5+ Kf4 45.
Rf5+ Ke3 46. Kg2 Ra1 47. a4 Ra2+ 48. Kg3 g5 49. h4 Bb6 50. Rb5 Bc7+ {Normal}
0-1

[Event "Rated Blitz game"]
[Site "?"]
[Date "2021.11.08"]
[Round "?"]
[White "FgCrush"]
[Black "Sdjordje12345_s"]
[Result "0-1"]
[WhiteElo "2431"]
[BlackElo "2400"]
[PlyCount "106"]
[EventDate "2021.??.??"]
[EventType "blitz"]

1. e4 e5 2. Nf3 d5 3. Nxe5 Qe7 4. d4 f6 5. Nd3 dxe4 6. Nf4 Bf5 7. Bc4 Nc6 8. c3
O-O-O 9. Qe2 g6 10. Nd5 Qd7 11. Bf4 Bd6 12. Nd2 Bxf4 13. Nxf4 Nge7 14. h3 h5
15. O-O-O Na5 16. Bb5 c6 17. Ba4 Nd5 18. Nxd5 Qxd5 19. Nb3 b5 20. Nxa5 bxa4 21.
Nc4 Be6 22. b3 axb3 23. axb3 Qb5 24. Kc2 Bxc4 25. Qxc4 Qxc4 26. bxc4 Kc7 27.
Ra1 Ra8 28. Ra5 Rhb8 29. Re1 f5 30. f3 exf3 31. gxf3 Kd7 32. h4 a6 33. Ree5 Re8
34. f4 Rxe5 35. fxe5 Ke6 36. Kd3 g5 37. hxg5 h4 38. Ke3 h3 39. Kf2 Rg8 40. Kg3
Rh8 41. Kh2 f4 42. Rxa6 f3 43. Ra2 Kf5 44. Rf2 Ke4 45. e6 Ke3 46. Ra2 f2 47.
Ra1 Ke2 48. Ra2+ Kf3 49. Ra1 Rg8 50. d5 cxd5 51. cxd5 Rxg5 52. d6 Re5 53. d7
Re1 {Time forfeit} 0-1

[Event "Rated Blitz game"]
[Site "?"]
[Date "2021.11.08"]
[Round "?"]
[White "xadrezdapraia"]
[Black "jeruchess"]
[Result "0-1"]
[WhiteElo "2485"]
[BlackElo "2379"]
[PlyCount "113"]
[EventDate "2021.??.??"]
[EventType "blitz"]

1. e4 e5 2. Nf3 d5 3. Nxe5 Bd6 4. d4 dxe4 5. Bc4 Bxe5 6. Qh5 Qe7 7. dxe5 g6 8.
Qe2 Qxe5 9. Nc3 Nf6 10. Bh6 Nbd7 11. O-O-O c6 12. Rhe1 Nc5 13. Bg7 Rg8 14. Bxf6
Qxf6 15. Nxe4 Nxe4 16. Qxe4+ Kf8 17. f4 Bf5 18. Qd4 Kg7 19. Re7 Qxd4 20. Rxd4
Rgf8 21. Rxb7 Rae8 22. Rxa7 h5 23. a4 Re1+ 24. Rd1 Re4 25. Bb3 Rxf4 26. a5 c5
27. Bd5 Be4 28. g3 Rg4 29. h3 Bxd5 30. hxg4 Bf3 31. Rdd7 Bxg4 32. Re7 Kf6 33.
a6 Bf3 34. Rec7 g5 35. Rxc5 h4 36. gxh4 gxh4 37. Rc3 Bd5 38. Rd7 Ke6 39. Rdc7
Rh8 40. Rh3 Bg2 41. Rh2 h3 42. b4 Kd6 43. Rxf7 Rb8 44. c3 Rb6 45. Rg7 Kd5 46.
Rhxg2 hxg2 47. Rxg2 Rxa6 48. Kb2 Kc4 49. Rg4+ Kd3 50. Kb3 Ra1 51. Rd4+ Ke3 52.
b5 Rb1+ 53. Kc4 Rb2 54. b6 Rxb6 55. Kc5 Rb8 56. c4 Rc8+ 57. Kb5 {Normal} 0-1

[Event "Rated Blitz game"]
[Site "?"]
[Date "2021.11.08"]
[Round "?"]
[White "romanzas2007"]
[Black "ALJHoNNDzki"]
[Result "1/2-1/2"]
[WhiteElo "2451"]
[BlackElo "2505"]
[PlyCount "100"]
[EventDate "2021.??.??"]
[EventType "blitz"]

1. e4 e5 2. Nf3 d5 3. Nxe5 dxe4 4. Nc3 Bd6 5. Nc4 Nf6 6. Nxd6+ Qxd6 7. Be2 Nc6
8. O-O Bf5 9. d3 exd3 10. Bxd3 Bxd3 11. Re1+ Ne7 12. Qxd3 Qxd3 13. cxd3 Rd8 14.
Bf4 c6 15. Rad1 Rd7 16. Be3 b6 17. Bg5 O-O 18. Bxf6 gxf6 19. Ne4 Kg7 20. Re3
Rfd8 21. Rg3+ Ng6 22. h4 f5 23. Ng5 h6 24. Ne6+ fxe6 25. h5 Kf7 26. Rxg6 Rxd3
27. Rxd3 Rxd3 28. Rxh6 Rd1+ 29. Kh2 Rd2 30. Rh7+ Kf6 31. Rxa7 Kg5 32. b3 Rxf2
33. Kg3 Rc2 34. Ra6 b5 35. a4 bxa4 36. bxa4 Kxh5 37. Kf4 Kg6 38. g4 Rc4+ 39.
Ke5 Re4+ 40. Kd6 fxg4 41. Kxc6 g3 42. Ra8 Rg4 43. a5 g2 44. Rg8+ Kf5 45. Rf8+
Ke5 46. Rf2 g1=Q 47. Re2+ Kf6 48. Kb7 Rb4+ 49. Ka6 Qc5 50. Rxe6+ Kxe6 {Normal}
1/2-1/2

[Event "Rated Blitz game"]
[Site "?"]
[Date "2021.11.08"]
[Round "?"]
[White "Adjustor"]
[Black "oJHoNN76"]
[Result "0-1"]
[WhiteElo "2265"]
[BlackElo "2428"]
[PlyCount "54"]
[EventDate "2021.??.??"]
[EventType "blitz"]

1. e4 e5 2. Nf3 d5 3. Nxe5 dxe4 4. d4 Bd6 5. f4 exf3 6. Nxf3 Nf6 7. Bb5+ c6 8.
Bd3 Bg4 9. O-O O-O 10. Bg5 Be7 11. c3 Nbd7 12. Qc2 h6 13. Bh4 c5 14. Nbd2 cxd4
15. Nxd4 Qb6 16. Kh1 Rac8 17. N2b3 a5 18. Qf2 Ne5 19. Bc2 a4 20. Nc1 a3 21.
bxa3 Rxc3 22. Bb3 Bc5 23. Bxf6 Bxd4 24. Qg3 Rxg3 25. hxg3 Bxa1 26. Bxe5 Bxe5
27. Kh2 Qe3 {Normal} 0-1

[Event "Rated Blitz game"]
[Site "?"]
[Date "2021.11.08"]
[Round "?"]
[White "Canthechessmaster07"]
[Black "Tristan2020"]
[Result "0-1"]
[WhiteElo "2401"]
[BlackElo "2402"]
[PlyCount "40"]
[EventDate "2021.??.??"]
[EventType "blitz"]

1. e4 e5 2. Nf3 d5 3. Nxe5 Bd6 4. d4 dxe4 5. Bf4 Nf6 6. Nc3 Nc6 7. Nxc6 bxc6 8.
Be5 O-O 9. Be2 Rb8 10. Bxf6 Qxf6 11. Nxe4 Qe6 12. Nxd6 cxd6 13. b3 Re8 14. c3
Ba6 15. c4 d5 16. Rc1 dxc4 17. Kf1 cxb3 18. Bxa6 b2 19. Rb1 c5 20. d5 Qxa6+ {
Normal} 0-1

[Event "Rated Blitz tournament GKyuSmHM"]
[Site "?"]
[Date "2021.11.07"]
[Round "?"]
[White "ekocss"]
[Black "Bis_Kecil_BKD"]
[Result "1-0"]
[WhiteElo "2314"]
[BlackElo "2490"]
[PlyCount "97"]
[EventDate "2021.??.??"]
[EventType "blitz"]

1. e4 e5 2. Nf3 d5 3. d4 dxe4 4. Nxe5 Nd7 5. Nxd7 Bxd7 6. Be3 Nf6 7. h3 Bd6 8.
c4 c6 9. Nc3 O-O 10. Be2 Rc8 11. Qd2 Bb8 12. g4 b5 13. g5 Ne8 14. Nxe4 bxc4 15.
Bxc4 Nd6 16. Nxd6 Bxd6 17. O-O-O Rb8 18. Kb1 Bf5+ 19. Ka1 Bb4 20. Qe2 Qa5 21.
Bd3 Be6 22. Bb1 Rb6 23. d5 Bxd5 24. Bxb6 axb6 25. Rxd5 cxd5 26. Rd1 g6 27. Qd3
Rd8 28. Bc2 Be7 29. h4 Qb4 30. Bb3 Qxh4 31. Qe3 Qxg5 32. Qxb6 Bf6 33. a3 Kg7
34. Ka2 Qe5 35. Rd2 Rb8 36. Qa6 Qe1 37. Qd3 Qc1 38. Rc2 Qe1 39. f4 Rd8 40. a4
Qe4 41. Qd2 d4 42. Rc7 d3 43. Rxf7+ Kh8 44. Qh2 Bg7 45. Qd2 Qd4 46. Rb7 h5 47.
Rxg7 Qf6 48. f5 Rf8 49. Rg8+ {Time forfeit} 1-0